书目信息 |
| 题名: |
轨道交通工程污染控制概论
|
|
| 作者: | 贺玉龙 编著 | |
| 分册: | ||
| 出版信息: | 北京 科学出版社 |
|
| 页数: | 230页 | |
| 开本: | 26cm | |
| 丛书名: | ||
| 单 册: | ||
| 中图分类: | U239.5 | |
| 科图分类: | ||
| 主题词: | 铁路--特种 | |
| 电子资源: | ||
| ISBN: | 978-7-03-041474-8 | |
| 000 | 00601nam0 2200193 450 | |
| 001 | 142427 | |
| 005 | 20141221122531.28 | |
| 010 | @a978-7-03-041474-8@dCNY 36.00 | |
| 100 | @a20141221d km y0chiy0120 ea | |
| 101 | 0 | @achi |
| 102 | @aCN@b110000 | |
| 200 | 1 | @a轨道交通工程污染控制概论@Agui dao jiao tong gong cheng wu ran kong zhi gai lun@f贺玉龙编著@Fhe yu long bian zhu |
| 210 | @a北京@c科学出版社 | |
| 215 | @a230页@d26cm | |
| 606 | 0 | @a铁路@x特种 |
| 690 | @aU239.5@v4 | |
| 701 | 0 | @a贺玉龙@Ahe yu long@4编著 |
| 801 | 0 | @aCN@b大连网信软件有限公司图书馆·11@c20141221 |
| 905 | @a241430@dU239.5@eH324 | |
| 轨道交通工程污染控制概论/贺玉龙编著.-北京:科学出版社 |
| 230页;26cm |
| ISBN 978-7-03-041474-8:CNY 36.00 |
| ● |
| 相关链接 |
|
|
|
正题名:轨道交通工程污染控制概论
索取号:U239.5/H324
 
预约/预借
| 序号 | 登录号 | 条形码 | 馆藏地/架位号 | 状态 | 备注 |
| 1 | 1134892 | 211348923 | 自科库501/400A自科库 29排3列1层/ [索取号:U239.5/H324] | 在馆 | |
| 2 | 1134893 | 211348932 | 自科库501/501自科库 79排2列4层/ [索取号:U239.5/H324] | 在馆 | |
| 3 | 1134894 | 211348941 | 自科库501/501自科库 79排2列4层/ [索取号:U239.5/H324] | 在馆 |